Mathematical spectrum.

Bibliographic Details
Format: Journal
Language:English
Published: [Oxford, England] : Oxford University Press.
Subjects:
Online Availability: Check for online availability

MARC

Tag First Indicator Second Indicator Subfields
LEADER 00000cas a2200000 4500
001 in00000093228
005 20160718102424.0
008 750901c19699999enkqr p 0uuua0eng
010 |a  77229881  
022 |a 0025-5653 
035 |a (OCoLC)01586472 
035 |9 AAL1816AM 
040 |a MUL  |c MUL  |d SUL  |d COO  |d OCL  |d TXA  |d UtOrBLW 
049 |a TXAE 
050 0 0 |a QA1  |b .S766 
082 0 |a 510/.05 
222 0 |a Mathematical spectrum 
245 0 0 |a Mathematical spectrum. 
264 1 |a [Oxford, England] :  |b Oxford University Press. 
300 |a volumes :  |b illustrations ;  |c 24 cm. 
310 |a Quarterly  |b 1990/1991- 
321 |a Three issues yearly  |b 1974/1975-1989/1990 
321 |a Two issues yearly,  |b <1969/1970>-1973/1974 
336 |a text  |b txt  |2 rdacontent 
337 |a unmediated  |b n  |2 rdamedia 
338 |a volume  |b nc  |2 rdacarrier 
362 0 |a v. 1- 1968/69- 
500 |a "A magazine of contemporary mathematics." 
650 0 |a Mathematics  |v Periodicals. 
776 0 8 |i Online version:  |t Mathematical spectrum (Online)  |w (OCoLC)60627457 
999 |a MARS 
999 f f |s f39221ee-6b48-3e5c-a1b2-39b9b8979167  |i eb60ef8f-5609-34c8-9a1a-e64d73dacaf0  |t 0 
952 f f |p ric  |a Texas A&M University  |b Rellis Campus  |c Joint Library Facility  |d Remote Storage  |t 0  |e QA1 .S766  |h Library of Congress classification  |i unmediated -- volume  |k v.10-12  |l 1977/1978-1979/1980  |m A14843632416 
952 f f |p ric  |a Texas A&M University  |b Rellis Campus  |c Joint Library Facility  |d Remote Storage  |t 0  |e QA1 .S766  |h Library of Congress classification  |i unmediated -- volume  |k v.6-7  |l 1973/1974-1974/1975  |m A14843632556 
952 f f |p ric  |a Texas A&M University  |b Rellis Campus  |c Joint Library Facility  |d Remote Storage  |t 0  |e QA1 .S766  |h Library of Congress classification  |i unmediated -- volume  |k v.3-5  |l 1970/1971-1972/73  |m A14843632549 
952 f f |p ric  |a Texas A&M University  |b Rellis Campus  |c Joint Library Facility  |d Remote Storage  |t 0  |e QA1 .S766  |h Library of Congress classification  |i unmediated -- volume  |k v.22-23  |l 1989/1990-1990/1991  |m A14815685333 
952 f f |p ric  |a Texas A&M University  |b Rellis Campus  |c Joint Library Facility  |d Remote Storage  |t 0  |e QA1 .S766  |h Library of Congress classification  |i unmediated -- volume  |k v.20-21  |l 1987/1988-1988/1989  |m A14812095505 
952 f f |p ric  |a Texas A&M University  |b Rellis Campus  |c Joint Library Facility  |d Remote Storage  |t 0  |e QA1 .S766  |h Library of Congress classification  |i unmediated -- volume  |k v.13-15  |l 1980/1981-1982/1983  |m A14843632424 
952 f f |p ric  |a Texas A&M University  |b Rellis Campus  |c Joint Library Facility  |d Remote Storage  |t 0  |e QA1 .S766  |h Library of Congress classification  |i unmediated -- volume  |k v.8-9  |l 1975/1976-1976/1977  |m A14843632564 
952 f f |p ric  |a Texas A&M University  |b Rellis Campus  |c Joint Library Facility  |d Remote Storage  |t 0  |e QA1 .S766  |h Library of Congress classification  |i unmediated -- volume  |k v.16  |l 1983/1984  |m A14843632432 
952 f f |p ric  |a Texas A&M University  |b Rellis Campus  |c Joint Library Facility  |d Remote Storage  |t 0  |e QA1 .S766  |h Library of Congress classification  |i unmediated -- volume  |k v.24-25  |l 1991/1992-1992/1993  |m A14817207115 
952 f f |p ric  |a Texas A&M University  |b Rellis Campus  |c Joint Library Facility  |d Remote Storage  |t 0  |e QA1 .S766  |h Library of Congress classification  |i unmediated -- volume  |k v.2  |l 1969/1970  |m A14843632531 
952 f f |p ric  |a Texas A&M University  |b Rellis Campus  |c Joint Library Facility  |d Remote Storage  |t 0  |e QA1 .S766  |h Library of Congress classification  |i unmediated -- volume  |k v.17-19  |l 1984/1985-1986/1987  |m A14809061709 
998 f f |a QA1 .S766  |s v.2-25 (1969/1970-1992/1993)  |t 0  |l Remote Storage